LEADER 01104nam a2200277 i 4500 001 000000159234 003 CaOOAMICUS 005 20070402000000.0 008 070402s1997 it u000 u ita u 013 $a136597 020 $a88-86517-25-4 040 $aSeMil$bita 245 10$aOmelie di Natale /$cC. Giraudo ... [et al.] ; A cura di Germano Marani. 260 $aRoma :$bLipa,$cCopyr. 1997. 300 $a79 p. ;$c20 cm. 490 0 $aBetel : brevi saggi spirituali ;$v4. 650 4$aNatale - Meditazioni.$0(OLS)http://semarc/subject/7608 700 1 $aGiraudo, Cesare,$c.$0(OLS)http://semarc/name/17299 700 1 $aMarani, Germano,$c.$0(OLS)http://semarc/name/41725 830 0$aBetel ;$v4.$0(OLS)http://semarc/title/9711 850 $aSeMil 852 $aSeMil$W1$xVenegono$y1$m3F III 351$j110792$B110792$CSeMilBibl$Z2$F122726 $81 961 $aOmaggio: Altro 996 $6020$a88-86517-25-4$9(OLS)http://semarc/number/74784 996 $6245$aOmelie di Natale$9(OLS)http://semarc/title/141088 996 $6260$aRoma :$bLipa$9(OLS)http://semarc/publisher/31573 LEADER 00689nam a2200193 i 4500 001 000000204933 003 CaOOAMICUS 005 20160825000000.0 008 160825s1839 it u000 u ita u 013 $a183663 040 $aSeMil$bita 245 13$aLa guerra. 1. 300 $a253 p. 773 0 $aZambelli, Andrea <1794-1861>$tDelle differenze politiche fra i popoli antichi ed i moderni.$dMilano : Santo Bravetta : [poi]... Guglielmini, 1839-1846.$g1$w()5360 850 $aSeMil 852 $aSeMil$W1$xVenegono$y1$m3L III 51 FA$j155427$B155427$CSeMilBibl$Z2$F213010 $8I 941 1 $a10 961 $aRecupero: Mantegazza 996 $6245$aLa guerra. 1$9(OLS)http://semarc/title/296798